000 00590nam a2200193Ia 4500
005 20250520121931.0
008 250327s9999 xx 000 0 und d
020 _a9789353338015
_qpbk
041 _aeng
082 _a320.954
_bMUK
100 _aMukherjee, Subrata
245 4 _aThe political ideas of rabindranath tagore
_c/Subrata Mukherjee
250 _aFirst edition
260 _bRupa publications india
_cc2020
_aNew Delhi
300 _a246p
504 _aBib and Ref
650 _aPolitical Science; Authors, Bengali 20th century Political and social views
942 _cENGLISH
999 _c570689
_d570689